000 00643nam a2200277Ia 4500
005 20260320195712.0
008 008 262003s9999 xx 000 0 hin d
020 _a9788119989898
037 _aEBOOK
040 _aCRL
040 _bhin
040 _cCRL
041 _2hin
041 _ahin
084 _qCRL
100 _aयतीश कुमार
_91132853
245 0 _aबोरसी भर आँच
250 _a4th
260 _bRajkamal
260 _c2024
300 _a200
856 _uhttps://ebook.indiaread.in/pdfs/9788119989898.pdf
942 _cEBOOK
999 _c1716035
_d1716035